000 00437cam a2200181ua 4500
001 7315
008 141206n ii |||gr||||Z||||||ben
040 _cMAIN
041 _aben
082 _a891.444
100 _aBhattacharya, B.,
_eAuthor.
245 1 _aRabindranather Bigyanchetona
_cBy Bodhudev Bhattacharya
250 _a1st.
260 _aKolkatta:
_bSambodhi,
_c1967.
300 _a204p.
653 _aBengali essays
942 _cBK
999 _c6440
_d6440